| Tag |
First Indicator |
Second Indicator |
Subfields |
| LEADER |
00000cam a22000008a 4500 |
| 001 |
in00000082302 |
| 005 |
20151008061124.0 |
| 008 |
820108s1982 maua 00110 eng |
| 010 |
|
|
|a 81022896
|
| 020 |
|
|
|a 020114199X :
|c $24.95 (est.)
|
| 035 |
|
|
|a (OCoLC)08112989
|
| 035 |
|
|
|9 AAJ7353AM
|
| 039 |
0 |
|
|a 2
|b 3
|c 3
|d 3
|e 3
|
| 040 |
|
|
|a DLC
|c DLC
|d TXA
|d UtOrBLW
|
| 049 |
|
|
|a TXAM
|c [1196632]
|
| 050 |
0 |
0 |
|a HD59
|b .S66
|
| 082 |
0 |
|
|a 659.2/024658
|2 19
|
| 100 |
1 |
|
|a Sperber, Nathaniel H.
|
| 245 |
1 |
0 |
|a Manager's public relations handbook /
|c Nathanas printed] Sperber, Otto Lerbinger.
|
| 263 |
|
|
|a 8203
|
| 264 |
|
1 |
|a Reading, Mass. :
|b Addison-Wesley Pub. Co.,
|c [1982]
|
| 264 |
|
4 |
|c ©1982
|
| 300 |
|
|
|a xii, 334 pages :
|b illustrations ;
|c 29 cm.
|
| 336 |
|
|
|a text
|b txt
|2 rdacontent
|
| 337 |
|
|
|a unmediated
|b n
|2 rdamedia
|
| 338 |
|
|
|a volume
|b nc
|2 rdacarrier
|
| 490 |
0 |
|
|a [An Addison-Wesley professional book]
|
| 500 |
|
|
|a Includes index.
|
| 650 |
|
0 |
|a Public relations.
|
| 650 |
|
0 |
|a Industrial management.
|
| 700 |
1 |
|
|a Lerbinger, Otto.
|
| 999 |
|
|
|a MARS
|
| 999 |
f |
f |
|s e43d6642-a101-3be6-a87e-a879f6199f19
|i cb7b7e9d-00a3-33fe-881f-cd30ecbac95e
|t 0
|
| 952 |
f |
f |
|p ric
|a Texas A&M University
|b Rellis Campus
|c Joint Library Facility
|d Remote Storage
|t 0
|e HD59 .S66
|h Library of Congress classification
|i unmediated -- volume
|m A14806124451
|
| 998 |
f |
f |
|a HD59 .S66
|t 0
|l Remote Storage
|